| 000 | 00418nam a2200193Ia 4500 | ||
|---|---|---|---|
| 003 | 0100 | ||
| 008 | 130303s9999 xx 000 0 und d | ||
| 020 | _a706235983 | ||
| 040 | _cARRUPELIB | ||
| 050 | _aBL1210.C75 | ||
| 100 | _aCrompton, Yorke | ||
| 245 | _aHinduism | ||
| 260 | _aLondon | ||
| 260 | _bWard Lock Educational | ||
| 260 | _C1971 | ||
| 300 | _a48p. 21cm | ||
| 700 | _aYorke Crompton | ||
| 942 | 0 | 0 | _01 |
| 999 |
_c11968 _d11968 |
||